00905nam a2200217 a 450000100060000000300080000600500170001400800410003103500190007204000260009104100080011708200280012511000630015324501070021626000410032330000230036449000560038750001500044365000380059385600560063152697BD-RjUL20211209075839.0160925s1971 enk||||| |||| 00| 0 eng d a(BD-RjUL)52817 aBD-RjULbengcBD-RjUL aeng 223 a361.072bUNT 1971  aUnited Nations. Department of Economic and Social Affairs.10aTraining for social welfare : fifth international survey : new approaches in meeting manpower needs /  aNew york : bUnited Nations, c1971  a88 p. ; c29 cm.  aUnited Nations. Publication. Sales no. E. 71. IV. 5 aAt head of title: Department of Economic and Social Affairs. "ST/SOA/105." "United Nations publication. Sales No.: E.71. IV.5"--Title page verso. aSocial work education xResearch  3United Nations. Publication. Sales no. E. 71. IV. 5